[Event "AUTO-ELITE-1404"]
[Site "http://www.queenalice.com/game.php?id=1339108"]
[Date "2015.2.3"]
[Round "2"]
[White "greggy"]
[Black "Puska"]
[Result "1/2-1/2"]
[WhiteElo "2590"]
[BlackElo "2617"]

1. d4 Nf6 2. c4 e6 3. Nf3 d5 4. Nc3 Bb4 5. Bg5 h6 6. Bxf6 Qxf6 7. e3 O-O 8. Rc1
dxc4 9. Bxc4 c5 10. O-O cxd4 11. Nxd4 Bd7 12. Ne4 Qe7 13. Be2 Nc6 14. a3 Nxd4
15. Qxd4 Ba5 16. Qc5 Qxc5 17. Nxc5 Bc6 18. Bf3 Bxf3 19. gxf3 b5 20. b4 Bb6 21.
Nd7 Rfc8 1/2-1/2

[Event "AUTO-ELITE-1399"]
[Site "http://www.queenalice.com/game.php?id=1339122"]
[Date "2015.2.3"]
[Round "2"]
[White "Puska"]
[Black "zatu"]
[Result "1-0"]
[WhiteElo "2604"]
[BlackElo "2310"]

1. d4 Nf6 2. c4 g6 3. Nf3 Bg7 4. g3 O-O 5. Bg2 d6 6. O-O Nc6 7. Nc3 a6 8. Re1
Rb8 9. Rb1 Na5 10. Qa4 b6 11. c5 Bd7 12. Qa3 Qc8 13. b3 Bc6 14. cxb6 cxb6 15. e4
Qb7 16. d5 Bd7 17. e5 Ng4 18. Bf4 Rbc8 19. Rbc1 Qa7 20. h3 Nxe5 21. Nxe5 dxe5
22. Bxe5 Bxe5 23. Rxe5 e6 24. Ree1 Rc7 25. Ne4 Rxc1 26. Nf6+ Kg7 27. Rxc1 Rc8
28. Rxc8 Bxc8 29. Ne8+ Kg8 30. Qb2 f5 31. Qc3 h5 32. Qxc8 b5 33. Nc7+ Kh7 34.
dxe6 Nc6 35. Bxc6 Qc5 36. Qd7+ Kh6 37. e7 Qc1+ 38. Kg2 1-0

[Event "AUTO-ELITE-1399"]
[Site "http://www.queenalice.com/game.php?id=1339123"]
[Date "2015.2.3"]
[Round "2"]
[White "zatu"]
[Black "Puska"]
[Result "1-0"]
[WhiteElo "2272"]
[BlackElo "2598"]

1. e4 c6 2. d4 d5 3. e5 Bf5 4. Nf3 e6 5. Be2 Nd7 6. O-O Bg6 7. Nbd2 Nh6 8. Nb3
Nf5 9. Bd2 Be7 10. g4 Nh4 11. Nxh4 Bxh4 12. f4 f5 13. exf6 Qxf6 14. g5 Qf7 15.
Na5 O-O-O 16. c4 Bf5 17. Rc1 Nb6 18. c5 Nc4 19. Bxc4 dxc4 20. Nxc4 Bh3 21. Rf3
Bg4 22. h3 Bxf3 23. Qxf3 h6 24. Nd6+ Rxd6 25. cxd6 hxg5 26. Qg4 Qf6 27. Kh1 Qf5
28. Qxf5 exf5 29. d5 Rd8 30. Bb4 Kd7 31. dxc6+ bxc6 32. fxg5 Bxg5 33. Rf1 Rf8
34. Bc5 a5 35. Re1 Bf6 36. b3 a4 37. bxa4 Ra8 38. Bb4 Rxa4 39. a3 Ra8 40. Kg2
Rh8 41. Bc5 Rh4 42. Rc1 Re4 43. Kf3 g5 44. Bb4 1-0

[Event "AUTO-ELITE-1386"]
[Site "http://www.queenalice.com/game.php?id=1345820"]
[Date "2015.3.5"]
[Round "2"]
[White "Puska"]
[Black "greggy"]
[Result "1/2-1/2"]
[WhiteElo "2616"]
[BlackElo "2591"]

1. d4 d5 2. c4 e6 3. Nf3 Nf6 4. g3 dxc4 5. Bg2 c6 6. Ne5 Bb4+ 7. Bd2 Qxd4 8.
Bxb4 Qxe5 9. Na3 b5 10. Bc3 Qc5 11. Bd4 Qb4+ 12. Bc3 Qc5 13. Bd4 Qb4+ 14. Bc3
Qc5 1/2-1/2

[Event "AUTO-ELITE-1386"]
[Site "http://www.queenalice.com/game.php?id=1345821"]
[Date "2015.3.5"]
[Round "2"]
[White "greggy"]
[Black "Puska"]
[Result "1/2-1/2"]
[WhiteElo "2633"]
[BlackElo "2603"]

1. e4 c6 2. d4 d5 3. Nc3 dxe4 4. Nxe4 Nd7 5. c3 Ngf6 6. Nxf6+ Nxf6 7. Bc4 g6 8.
Nf3 Bg7 9. O-O O-O 10. Re1 Bf5 11. h3 Nd5 12. a4 Qc7 13. Bg5 Rfe8 14. a5 Bf6 15.
Bh6 b5 16. axb6 axb6 17. Rxa8 Rxa8 18. Ng5 Ra7 1/2-1/2

[Event "AUTO-ELITE-1386"]
[Site "http://www.queenalice.com/game.php?id=1345822"]
[Date "2015.3.5"]
[Round "2"]
[White "Puska"]
[Black "acid"]
[Result "1/2-1/2"]
[WhiteElo "2615"]
[BlackElo "2694"]

1. d4 Nf6 2. c4 e6 3. Nf3 b6 4. g3 Bb7 5. Bg2 Be7 6. O-O O-O 7. Nc3 Ne4 8. Bd2
d5 9. cxd5 exd5 10. Rc1 Nd7 11. Bf4 Nxc3 12. Rxc3 c5 13. dxc5 bxc5 14. Ne1 Rc8
15. Rc1 Nf6 16. Nd3 c4 17. Ne5 Qb6 18. Be3 Qa6 19. Bd4 Ne4 1/2-1/2

[Event "AUTO-ELITE-1386"]
[Site "http://www.queenalice.com/game.php?id=1345823"]
[Date "2015.3.5"]
[Round "2"]
[White "acid"]
[Black "Puska"]
[Result "1-0"]
[WhiteElo "2681"]
[BlackElo "2605"]

1. e4 c6 2. d4 d5 3. Nc3 dxe4 4. Nxe4 Nd7 5. Bd3 Ngf6 6. c3 Nxe4 7. Bxe4 Nf6 8.
Bd3 Qd5 9. Nf3 Bg4 10. Be2 e6 11. O-O Bd6 12. h3 Bf5 13. Re1 O-O 14. Bg5 Be4 15.
Qc1 Qa5 16. a3 Rfe8 17. h4 Qf5 18. Nd2 c5 19. Bxf6 gxf6 20. Bg4 Qxg4 21. Nxe4
Be7 22. dxc5 Rad8 23. Qh6 f5 24. Nf6+ Bxf6 25. Qxf6 Rd3 26. b4 h5 27. Rac1 Qg7
28. Qxg7+ Kxg7 29. Red1 Red8 30. Rxd3 Rxd3 31. Kf1 Rd2 32. a4 Kf6 33. a5 Ra2 34.
Rd1 Ke7 35. g3 Ra3 36. Rd3 Ra2 37. Ke1 f6 38. Kd1 f4 39. gxf4 Rxf2 40. a6 bxa6
41. Rd4 e5 42. fxe5 fxe5 43. Rd5 Rf5 44. c6 1-0

[Event "AUTO-ELITE-1323"]
[Site "http://www.queenalice.com/game.php?id=1347163"]
[Date "2015.3.12"]
[Round "2"]
[White "fred57"]
[Black "Puska"]
[Result "1/2-1/2"]
[WhiteElo "2707"]
[BlackElo "2603"]

1. d4 Nf6 2. c4 e6 3. Nc3 Bb4 4. Qc2 O-O 5. a3 Bxc3+ 6. Qxc3 d5 7. Bg5 dxc4 8.
Qxc4 b6 9. Rd1 Ba6 10. Qa4 h6 11. Bh4 Qe7 12. Nf3 Rd8 13. e3 Bxf1 14. Rxf1 Nbd7
15. Qc6 Rac8 16. Ne5 Nxe5 17. dxe5 Rxd1+ 18. Kxd1 Qd7+ 19. Qxd7 Nxd7 1/2-1/2

[Event "AUTO-ELITE-1323"]
[Site "http://www.queenalice.com/game.php?id=1347164"]
[Date "2015.3.12"]
[Round "2"]
[White "Puska"]
[Black "fred57"]
[Result "1/2-1/2"]
[WhiteElo "2602"]
[BlackElo "2705"]

1. d4 Nf6 2. c4 e6 3. Nf3 d5 4. g3 dxc4 5. Bg2 Nc6 6. Qa4 Bb4+ 7. Bd2 Nd5 8.
Bxb4 Nxb4 9. O-O Rb8 10. Na3 O-O 11. Qb5 b6 12. Qxc4 Ba6 13. Nb5 Qd5 14. Qxd5
Nxd5 15. a4 Na5 16. Ne5 Rbd8 17. Nxa7 Nb4 18. Rac1 Rxd4 19. Nb5 Bxb5 20. axb5 f6
21. e3 Rdd8 22. Nf3 c5 23. bxc6 1/2-1/2

[Event "AUTO-ELITE-1323"]
[Site "http://www.queenalice.com/game.php?id=1347165"]
[Date "2015.3.12"]
[Round "2"]
[White "fontaine"]
[Black "Puska"]
[Result "1-0"]
[WhiteElo "2783"]
[BlackElo "2621"]

1. e4 c6 2. d4 d5 3. exd5 cxd5 4. c4 Nf6 5. Nc3 e6 6. Nf3 Bb4 7. cxd5 Nxd5 8.
Bd2 Nc6 9. Bd3 Be7 10. O-O O-O 11. Qe2 Ndb4 12. Be4 b6 13. Rfe1 Ba6 14. Qe3 Bc4
15. Ne5 Nxe5 16. dxe5 Nd3 17. Qh3 g6 18. Bh6 Nxe1 19. Bxa8 Nd3 20. Be4 Nxe5 21.
Rd1 Qc7 22. Bxf8 Bxf8 23. Qe3 Bc5 24. Qd2 Ng4 25. Qd8+ Qxd8 26. Rxd8+ Kg7 27.
Rd2 Ne5 28. Bc2 h5 29. Bd1 Bb4 30. Rd4 Bc5 31. Re4 Kf6 32. Be2 Bd5 33. b4 Bd6
34. Nxd5+ exd5 35. Rd4 Ke6 36. b5 f5 37. g3 Nd7 38. Bd1 1-0

[Event "AUTO-ELITE-1323"]
[Site "http://www.queenalice.com/game.php?id=1347166"]
[Date "2015.3.12"]
[Round "2"]
[White "Puska"]
[Black "fontaine"]
[Result "1/2-1/2"]
[WhiteElo "2604"]
[BlackElo "2801"]

1. d4 Nf6 2. c4 g6 3. Nf3 Bg7 4. g3 d5 5. Bg2 dxc4 6. O-O c6 7. a4 O-O 8. Na3
Be6 9. Ng5 Bd5 10. e4 h6 11. exd5 hxg5 12. dxc6 Nxc6 13. d5 Na5 14. Bxg5 Qd7 15.
Qe1 1/2-1/2

[Event "AUTO-ELITE-1400"]
[Site "http://www.queenalice.com/game.php?id=1347225"]
[Date "2015.3.13"]
[Round "2"]
[White "Puska"]
[Black "powerrangel"]
[Result "1/2-1/2"]
[WhiteElo "2609"]
[BlackElo "2535"]

1. d4 d5 2. c4 c6 3. Nf3 e6 4. g3 Nf6 5. Bg2 Nbd7 6. O-O Bd6 7. Nc3 O-O 8. Nd2
Bc7 9. e4 Nxe4 10. Ndxe4 dxe4 11. Nxe4 h6 12. f4 Nf6 13. Qd3 Nxe4 14. Qxe4 h5
15. Bd2 1/2-1/2

[Event "AUTO-ELITE-1400"]
[Site "http://www.queenalice.com/game.php?id=1347226"]
[Date "2015.3.13"]
[Round "2"]
[White "powerrangel"]
[Black "Puska"]
[Result "1/2-1/2"]
[WhiteElo "2536"]
[BlackElo "2608"]

1. e4 c6 2. d4 d5 3. e5 Bf5 4. h4 h6 5. g4 Bd7 6. h5 c5 7. dxc5 e6 8. Be3 Qc7 9.
Nc3 Bxc5 10. Bxc5 Qxc5 11. f4 Bc6 12. Bd3 Qb6 13. Qd2 Qxb2 14. Rb1 Qa3 15. Nb5
Bxb5 16. Bxb5+ Nc6 17. Rh3 Qxa2 18. Rhb3 Ne7 19. R1b2 Qa1+ 20. Rb1 1/2-1/2

[Event "AUTO-ELITE-1431"]
[Site "http://www.queenalice.com/game.php?id=1352979"]
[Date "2015.4.11"]
[Round "2"]
[White "Puska"]
[Black "amarkin"]
[Result "1/2-1/2"]
[WhiteElo "2605"]
[BlackElo "2487"]

1. d4 Nf6 2. Nf3 d5 3. g3 c5 4. Bg2 cxd4 5. O-O h6 6. Bf4 e6 7. Nxd4 Nbd7 8. e4
dxe4 9. Nb5 e5 10. Be3 Bc5 11. Nd6+ Bxd6 12. Qxd6 Qe7 13. Qxe7+ Kxe7 14. Nc3 b6
15. Nxe4 Nxe4 1/2-1/2

[Event "AUTO-ELITE-1431"]
[Site "http://www.queenalice.com/game.php?id=1352980"]
[Date "2015.4.11"]
[Round "2"]
[White "amarkin"]
[Black "Puska"]
[Result "1/2-1/2"]
[WhiteElo "2470"]
[BlackElo "2608"]

1. d4 Nf6 2. c4 e6 3. Nf3 d5 4. a3 a6 5. e3 dxc4 6. Bxc4 c5 7. O-O b5 8. Bd3 Bb7
9. dxc5 Bxc5 10. b4 Bd6 11. Bb2 O-O 12. Nc3 Qe7 13. e4 Nbd7 1/2-1/2

[Event "AUTO-ELITE-1508"]
[Site "http://www.queenalice.com/game.php?id=1364109"]
[Date "2015.6.7"]
[Round "1"]
[White "araujox"]
[Black "Puska"]
[Result "0-1"]
[WhiteElo "2263"]
[BlackElo "2599"]

1. e4 c6 2. d4 d5 3. Nc3 dxe4 4. Nxe4 Nd7 5. Nf3 Ngf6 6. Ng3 e6 7. Bd3 Be7 8.
Qe2 O-O 9. O-O b6 10. c4 c5 11. dxc5 Nxc5 12. Bc2 Qc7 13. Rd1 Bb7 14. b3 Ncd7
0-1

[Event "AUTO-ELITE-1508"]
[Site "http://www.queenalice.com/game.php?id=1364110"]
[Date "2015.6.7"]
[Round "1"]
[White "Puska"]
[Black "araujox"]
[Result "1-0"]
[WhiteElo "2600"]
[BlackElo "2261"]

1. d4 Nf6 2. c4 e6 3. Nf3 d5 4. g3 Bb4+ 5. Bd2 Be7 6. Bg2 O-O 7. O-O c6 8. Qc2
Nbd7 9. Rd1 b6 10. b3 Bb7 11. Nc3 Rc8 12. e4 dxe4 13. Ng5 c5 14. dxc5 Bxc5 15.
Ncxe4 Bxe4 16. Nxe4 Nxe4 17. Bxe4 f5 18. Bg2 Qe7 19. Bc3 1-0

[Event "AUTO-ELITE-1508"]
[Site "http://www.queenalice.com/game.php?id=1364115"]
[Date "2015.6.7"]
[Round "1"]
[White "Puska"]
[Black "Zugswang"]
[Result "1-0"]
[WhiteElo "2624"]
[BlackElo "2200"]

1. d4 Nf6 2. c4 c5 3. Nf3 g6 4. g3 Bg7 5. Bg2 O-O 6. O-O cxd4 7. Nxd4 Nc6 8. Nc3
Qb6 9. Nb3 d6 10. Be3 Qd8 11. c5 Ng4 12. Bf4 e5 13. Bc1 dxc5 14. Nxc5 Qe7 15.
N5e4 Be6 16. Qd6 f5 17. Qxe7 Nxe7 18. Nc5 Bc8 19. Nxb7 Bxb7 20. Bxb7 Rab8 21.
Ba6 Rfd8 22. h3 Nf6 23. Bc4+ Kf8 24. b3 Nfd5 25. Nxd5 Nxd5 26. Rd1 Nc3 27. Rxd8+
Rxd8 28. Ba3+ Ke8 29. Rc1 Ne4 30. Bb5+ Kf7 31. Rc7+ Kg8 32. Be7 Rb8 33. Bc4+ Kh8
34. Rxa7 f4 35. Kg2 Nd2 36. Bd5 fxg3 37. fxg3 e4 38. Bg5 Bc3 39. Bxd2 Bxd2 40.
Bxe4 Be3 41. Ra8 Rxa8 42. Bxa8 Kg7 43. Kf3 Bc5 44. Ke4 Kf6 45. a4 g5 46. Kd5 Bb4
47. e4 h5 48. g4 hxg4 49. hxg4 Bc3 50. Bb7 Bd2 51. e5+ Ke7 52. Bc8 Kd8 53. Bf5
Ke7 54. Kc6 Bc3 55. e6 Bd2 56. Kb5 Be3 57. a5 Kd6 58. b4 Ba7 59. Ka6 Bd4 60. b5
Bc5 61. b6 Kc6 62. Be4+ Kd6 63. Kb5 Bd4 64. a6 Kxe6 65. a7 Ke5 66. a8=Q Kf4 67.
Qd5 1-0

[Event "AUTO-ELITE-1508"]
[Site "http://www.queenalice.com/game.php?id=1364116"]
[Date "2015.6.7"]
[Round "1"]
[White "Zugswang"]
[Black "Puska"]
[Result "0-1"]
[WhiteElo "2188"]
[BlackElo "2601"]

1. e4 c6 2. d4 d5 3. e5 Bf5 4. g4 Bd7 5. Bd3 e6 6. h4 c5 7. c3 Nc6 8. Ne2 Qb6 9.
f4 cxd4 10. cxd4 Nxd4 11. Nxd4 Qxd4 12. Nc3 Rc8 13. Ke2 Bc5 14. Rf1 a6 15. Rf3
Nh6 16. Be3 Qb4 17. Qd2 Bxe3 18. Rxe3 d4 19. Re4 dxc3 20. Rxb4 cxd2 21. g5 Rc1
22. Kxd2 Rxa1 23. gxh6 b5 24. a3 g6 25. Rd4 Rh1 26. Rd6 Ke7 27. Rxa6 Rb8 28. Ra7
Rxh4 29. Be4 Ke8 30. Ke3 Rxh6 31. Rc7 Rh3+ 32. Kd4 Rc8 33. Rxc8+ Bxc8 34. Bc6+
Bd7 35. Kc5 Bxc6 36. Kxc6 Rb3 0-1